000 00409nam a2200181Ia 4500
001 7482
005 20260306160458.0
008 260306t2005||||xx |||||||||||||| ||spa||
041 _aESP
082 _a339
_bH46
100 _aZarate, Patricia
_eAUT
245 0 _a¿Hay lugar para los pobres en el Perú?
260 _c2005
300 _a
_c
650 _aGEN
654 _aCAN
942 _cLIB
_dJUS
_fJUS
_2ddc
_n
999 _c7482
_d7482